Equipos que han ganado la Premier League - Estadísticas

Estadísticas generales
  • Esta prueba ha sido intentada 266 veces
  • La puntuación promedio es 31 de 32
Estadísticas de respuestas
Año Equipo % Correcto
2020 Liverpool F. C.
100%
2024 Manchester City F. C.
100%
2023 Manchester City F. C.
100%
2022 Manchester City F. C.
100%
2021 Manchester City F. C.
100%
2019 Manchester City F. C.
100%
2018 Manchester City F. C.
100%
2014 Manchester City F. C.
100%
2012 Manchester City F. C.
100%
2013 Manchester United F. C.
100%
2011 Manchester United F. C.
100%
2009 Manchester United F. C.
100%
2008 Manchester United F. C.
100%
2007 Manchester United F. C.
100%
2003 Manchester United F. C.
100%
2001 Manchester United F. C.
100%
2000 Manchester United F. C.
100%
1999 Manchester United F. C.
100%
1997 Manchester United F. C.
100%
1996 Manchester United F. C.
100%
1994 Manchester United F. C.
100%
1993 Manchester United F. C.
100%
2017 Chelsea F. C.
98%
2015 Chelsea F. C.
98%
2010 Chelsea F. C.
98%
2006 Chelsea F. C.
98%
2005 Chelsea F. C.
98%
2004 Arsenal F. C.
94%
2002 Arsenal F. C.
94%
1998 Arsenal F. C.
94%
2016 Leicester City F. C.
86%
1995 Blackburn Rovers F. C.
45%
No se encontraron pruebas coincidentes
Distribución de puntuación
Porcentaje de gente con cada puntuación
Porcentaje por número respondido
Historial de tus puntuaciones
No has intentado esta prueba.